Načítá se...
Microbiology/
| Hlavní autor: | |
|---|---|
| Médium: | Printed Book |
| Vydáno: |
Jaipur:
Book Enclave,
2016.
|
| Témata: |
| LEADER | 00433 a2200145 4500 | ||
|---|---|---|---|
| 999 | |c 78 |d 78 | ||
| 020 | |a 9788181523945 | ||
| 082 | |a 579 |b NOU | ||
| 100 | |a Nourtan Singh | ||
| 245 | |a Microbiology/ | ||
| 260 | |a Jaipur: |b Book Enclave, |c 2016. | ||
| 300 | |a 305p. | ||
| 650 | |a Microbiology | ||
| 942 | |2 ddc |c BK | ||
| 952 | |0 0 |1 0 |2 ddc |4 0 |6 579_000000000000000_NOU |7 0 |9 172 |a CDST |b CDST |d 2018-01-03 |l 6 |m 2 |o 579 NOU |p 00171 |r 2019-03-27 |s 2019-03-08 |w 2018-01-03 |y BK | ||